Champions League Sieger 2010-2022 - Statistiken

Allgemein
  • Dieses Quiz wurde 414 mal gespielt
  • Das Durchschnittsergebnis liegt bei 10 aus 13
Antwortstatistiken
Jahr Mannschaften % Korrekt
2014 Real Madrid
95%
2016 Real Madrid
95%
2017 Real Madrid
95%
2018 Real Madrid
95%
2022 Real Madrid
95%
2013 FC Bayern München
85%
2020 FC Bayern München
85%
2011 FC Barcelona
83%
2015 FC Barcelona
83%
2010 Inter Mailand
64%
2012 Chelsea FC
57%
2021 Chelsea FC
57%
2019 Liverpool FC
57%
Keine übereinstimmenden Quizze gefunden
Verteilung der Resultate
Anzahl Personen mit jedem Resultat
Perzentil nach korrekt beantworteten Fragen
Ihre Resultats-Entwicklung
Sie haben dieses Quiz noch nicht gespielt